Name the Pizza Toppings - Statistics

General Stats
  • This quiz has been taken 162 times
  • The average score is 13 of 29
Answer Stats
Pizza Topping % Correct
Calzone Mozzarella
78%
Capricciosa Mozzarella
78%
Frutti di Mare Mozzarella
78%
Pugliese Mozzarella
78%
Quattro Formaggi Mozzarella
78%
Calzone Salami
76%
Capricciosa Mushroom
65%
Quattro Stagioni Mushroom
65%
Napoletana Mozzarella di bufala campana
64%
Capricciosa Baked ham
62%
Pugliese Olive
57%
Quattro Stagioni Olive
57%
Pugliese Onion
55%
Calzone Parmesan
48%
Quattro Formaggi Parmesan
46%
Rucola Parmesan
46%
Frutti di Mare Anchovy
42%
Frutti di Mare Shrimp
36%
Rucola Rucola
29%
Frutti di Mare Mussel
27%
Capricciosa Artichoke
24%
Quattro Stagioni Artichoke
24%
Calzone Ricotta
24%
Quattro Formaggi Gorgonzola
22%
Quattro Stagioni Prosciutto
22%
Rucola Prosciutto
22%
Pugliese Caper
14%
Frutti di Mare Calamari
13%
Quattro Formaggi Fontina
10%
No matching quizzes found
Score Distribution
Percent of People with Each Score
Percentile by Number Answered
Your Score History
You have not taken this quiz